000
00237nam a2200097Ia 4500
005
20251222114353.0
008
251222s1900||||xx |||||||||||||| ||spa||
082
_a
DVD0195/F32/2006
245
0
_a
Fe cristiana, ciencia y milagros
942
_c
DVD
999
_c
1312
_d
1312